The 355 / directed by Simon Kinberg; produced by Jessica Chastain, Kelly Carmichael, Simon Kinberg; screenplay by Theresa Rebeck and Simon Kinberg; story by Theresa Rebeck. (Record no. 20834)
| 000 -LEADER | |
|---|---|
| fixed length control field | 01971nam a22001697a 4500 |
| 008 - FIXED-LENGTH DATA ELEMENTS--GENERAL INFORMATION | |
| fixed length control field | 250527b xxu||||| |||| 00| 0 eng d |
| 082 ## - DEWEY DECIMAL CLASSIFICATION NUMBER | |
| Classification number | 791.4372 |
| Item number | A11176 |
| 245 ## - TITLE STATEMENT | |
| Title | The 355 / directed by Simon Kinberg; produced by Jessica Chastain, Kelly Carmichael, Simon Kinberg; screenplay by Theresa Rebeck and Simon Kinberg; story by Theresa Rebeck. |
| 260 ## - PUBLICATION, DISTRIBUTION, ETC. (IMPRINT) | |
| Place of publication, distribution, etc | United States |
| Name of publisher, distributor, etc | Universal Pictures |
| Date of publication, distribution, etc | 2022 |
| 300 ## - PHYSICAL DESCRIPTION | |
| Extent | 1 videofile, (123 minutes) |
| 520 ## - SUMMARY, ETC. | |
| Summary, etc | When a top-secret weapon falls into mercenary hands, a wild-card C.I.A. agent joins forces with three international agents on a mission to retrieve it, while staying a step ahead of a mysterious woman who's tracking their every move. When a top-secret weapon falls into mercenary hands, wild card CIA agent Mason "Mace" Brown will need to join forces with rival badass German agent Marie, former MI6 ally and cutting-edge computer specialist Khadijah, and skilled Colombian psychologist Graciela on a lethal, breakneck mission to retrieve it, while also staying one-step ahead of a mysterious woman, Lin Mi Sheng, who is tracking their every move. As the action rockets around the globe from the cafes of Paris to the markets of Morocco to the wealth and glamour of Shanghai, the quartet of women will forge a tenuous loyalty that could protect the world-or get them killed. |
| 521 ## - TARGET AUDIENCE NOTE | |
| Target audience note | PG-13 |
| 546 ## - LANGUAGE NOTE | |
| Language note | English, with French and Spanish subtitles. |
| 650 ## - SUBJECT ADDED ENTRY--TOPICAL TERM | |
| Topical term or geographic name as entry element | Spy films, action and adventure films, thrillers, feature films, fiction films. |
| 700 ## - ADDED ENTRY--PERSONAL NAME | |
| Personal name | Chastain, Jessica, actor. Cruz, Penélope, actor. Fan, Bingbing, actor. Kruger, Diane, actor. Nyong'o, Lupita, actor. Ramírez, Édgar, actor. Stan, Sebastian, actor. Kinberg, Simon, director. Rebeck, Theresa, screenwriter. Chastain, Jessica, producer. Carmichael, Kelly, producer. Kinberg, Simon, producer. Holkenborg, Tom, composer. Gilbert, John, editor. Smith, Lee, editor. Maurice-Jones, Tim, cinematographer. |
| 942 ## - ADDED ENTRY ELEMENTS (KOHA) | |
| Source of classification or shelving scheme | |
| Item type | Audio-Visual Materials |
No copies available.